[Event "Madrid ch 2016/2017 - Previa A"]
[Site "Madrid ESP"]
[Date "2017.02.08"]
[Round "3.14"]
[White "Ramos Antona, Enrique"]
[Black "Saber, Salah"]
[Result "0-1"]
[WhiteElo "1613"]
[BlackElo "1783"]
[PlyCount "88"]
[EventDate "2017.02.06"]
[EventType "swiss"]
[EventRounds "9"]
[EventCountry "ESP"]
[SourceTitle "Ajedrez en Madrid"]
[Source "lmi"]
[SourceDate "2017.02.06"]
[SourceVersion "1"]
[SourceVersionDate "2017.02.14"]
[SourceQuality "1"]

1. d4 Nf6 2. c4 c6 3. Nc3 d5 4. Nf3 Bg4 5. e3 e6 6. a3 Nbd7 7. Be2 Bd6 8. c5
Bc7 9. h3 Bh5 10. b4 a6 11. Bb2 Ne4 12. Nxe4 dxe4 13. Nd2 Bg6 14. Nc4 Nf6 15.
a4 Nd5 16. Qd2 Qg5 17. Bg4 h5 18. Be2 Qxg2 19. O-O-O Qxf2 20. Rdf1 Qh4 21. Ne5
Bxe5 22. dxe5 O-O 23. Bd4 Rfd8 24. Bc4 Ne7 25. Rf4 Qg3 26. Rh2 Nf5 27. Rg2 Qxh3
28. Qf2 Rxd4 29. exd4 Qc3+ 30. Qc2 Qe1+ 31. Qd1 Qxd1+ 32. Kxd1 Ne3+ 33. Kd2
Nxg2 34. Rf1 Rd8 35. Kc3 h4 36. Rh1 Bf5 37. Rh2 h3 38. Bf1 Nf4 39. Rf2 g5 40.
b5 axb5 41. axb5 e3 42. Rh2 g4 43. Bc4 g3 44. Ra2 g2 0-1

[Event "Madrid ch 2016/2017 - Previa A"]
[Site "Madrid ESP"]
[Date "2017.02.08"]
[Round "3.15"]
[White "Ballesteros Jimenez, Miguel A"]
[Black "Sanchez Hernandez, Guillermo"]
[Result "1/2-1/2"]
[WhiteElo "1592"]
[BlackElo "1781"]
[PlyCount "48"]
[EventDate "2017.02.06"]
[EventType "swiss"]
[EventRounds "9"]
[EventCountry "ESP"]
[SourceTitle "Ajedrez en Madrid"]
[Source "lmi"]
[SourceDate "2017.02.06"]
[SourceVersion "1"]
[SourceVersionDate "2017.02.14"]
[SourceQuality "1"]

1. e4 c5 2. Nf3 e6 3. d4 cxd4 4. Nxd4 a6 5. Bd3 Qc7 6. O-O Nf6 7. Qe2 d6 8. c4
Be7 9. Nc3 Nc6 10. Nf3 O-O 11. Bf4 Nd7 12. Rfd1 Bf6 13. Rac1 Nde5 14. h3 Nxf3+
15. Qxf3 Be5 16. Bxe5 Nxe5 17. Qe3 Nxc4 18. Bxc4 Qxc4 19. Rxd6 b5 20. Rcd1 Bb7
21. R1d4 Qc5 22. Qd2 h6 23. Rd7 Bc6 24. R7d6 Rac8 1/2-1/2

[Event "Madrid ch 2016/2017 - Previa A"]
[Site "Madrid ESP"]
[Date "2017.02.08"]
[Round "3.16"]
[White "Jaumandreu Llopis, Antonio"]
[Black "Lopez Orellana, Federico"]
[Result "1-0"]
[WhiteElo "1541"]
[BlackElo "1754"]
[PlyCount "39"]
[EventDate "2017.02.06"]
[EventType "swiss"]
[EventRounds "9"]
[EventCountry "ESP"]
[SourceTitle "Ajedrez en Madrid"]
[Source "lmi"]
[SourceDate "2017.02.06"]
[SourceVersion "1"]
[SourceVersionDate "2017.02.14"]
[SourceQuality "1"]

1. e4 d5 2. exd5 Qxd5 3. Nc3 Qd8 4. Nf3 Nf6 5. Bc4 g6 6. d4 Bg7 7. Be3 O-O 8.
Qd2 c6 9. Bh6 b5 10. Bxg7 Kxg7 11. Bd3 Bb7 12. O-O-O a5 13. h4 h5 14. Ng5 Nbd7
15. Ne2 e5 16. f4 exd4 17. f5 Ne5 18. Nf4 Re8 19. fxg6 Nxg6 20. Bxg6 1-0

[Event "Madrid ch 2016/2017 - Previa A"]
[Site "Madrid ESP"]
[Date "2017.02.08"]
[Round "3.18"]
[White "Boni De Aristizabal, Marco"]
[Black "Rufo Yebra, Benito"]
[Result "1-0"]
[WhiteElo "1715"]
[BlackElo "1343"]
[PlyCount "43"]
[EventDate "2017.02.06"]
[EventType "swiss"]
[EventRounds "9"]
[EventCountry "ESP"]
[SourceTitle "Ajedrez en Madrid"]
[Source "lmi"]
[SourceDate "2017.02.06"]
[SourceVersion "1"]
[SourceVersionDate "2017.02.14"]
[SourceQuality "1"]

1. e4 e5 2. Nf3 d6 3. Bc4 Nf6 4. Nc3 h6 5. d4 Bg4 6. dxe5 Bxf3 7. gxf3 Ng8 8.
Qd5 Ne7 9. Qxf7+ Kd7 10. exd6 cxd6 11. Bf4 Kc8 12. O-O-O Nec6 13. Be6+ Nd7 14.
Bxd6 Bxd6 15. Rxd6 Nce5 16. Qxg7 Qg5+ 17. Qxg5 hxg5 18. Rhd1 Rh7 19. Nd5 Nc4
20. Rxd7 Rxd7 21. Bxd7+ Kxd7 22. Nb6+ 1-0

[Event "Madrid ch 2016/2017 - Previa A"]
[Site "Madrid ESP"]
[Date "2017.02.08"]
[Round "3.19"]
[White "Martin Rodriguez, Jose Luis"]
[Black "De La Fuente Ebro, Miguel"]
[Result "0-1"]
[WhiteElo "1321"]
[BlackElo "1712"]
[PlyCount "38"]
[EventDate "2017.02.06"]
[EventType "swiss"]
[EventRounds "9"]
[EventCountry "ESP"]
[SourceTitle "Ajedrez en Madrid"]
[Source "lmi"]
[SourceDate "2017.02.06"]
[SourceVersion "1"]
[SourceVersionDate "2017.02.14"]
[SourceQuality "1"]

1. c4 c5 2. Nc3 Nc6 3. Nf3 Nf6 4. d4 cxd4 5. Nxd4 Nxd4 6. Qxd4 d6 7. Bg5 Qa5 8.
Bxf6 gxf6 9. e3 Bg7 10. O-O-O O-O 11. Qd5 Qb6 12. Qb5 Qd8 13. c5 a6 14. Qb4 Be6
15. cxd6 exd6 16. Qxd6 Qa5 17. Rd4 Rac8 18. Ra4 Rxc3+ 19. bxc3 Qxc3+ 0-1

[Event "Madrid ch 2016/2017 - Previa A"]
[Site "Madrid ESP"]
[Date "2017.02.08"]
[Round "3.21"]
[White "Enriquez Pastor, Jorge"]
[Black "Cupeiro Fernandez, Manuel"]
[Result "1-0"]
[WhiteElo "1438"]
[BlackElo "1511"]
[PlyCount "125"]
[EventDate "2017.02.06"]
[EventType "swiss"]
[EventRounds "9"]
[EventCountry "ESP"]
[SourceTitle "Ajedrez en Madrid"]
[Source "lmi"]
[SourceDate "2017.02.06"]
[SourceVersion "1"]
[SourceVersionDate "2017.02.14"]
[SourceQuality "1"]

1. e4 d6 2. d4 Nf6 3. Nc3 Bg4 4. Be2 Bxe2 5. Qxe2 c6 6. e5 dxe5 7. dxe5 Nd5 8.
Nxd5 Qxd5 9. Nf3 e6 10. O-O Be7 11. Rd1 Qa5 12. Bd2 Qc7 13. Bg5 O-O 14. Bxe7
Qxe7 15. Rd6 Nd7 16. Rad1 Nb6 17. c4 Rfd8 18. b3 Rd7 19. Rxd7 Nxd7 20. Rd6 Nf8
21. Qd2 Rc8 22. c5 h6 23. h3 Qc7 24. b4 b6 25. cxb6 axb6 26. Nd4 Ng6 27. Nxc6
Qb7 28. b5 Kh8 29. Rd7 Rc7 30. Rxc7 Qxc7 31. Qd6 Qc8 32. g3 h5 33. f4 Nf8 34.
Qd8 Qxd8 35. Nxd8 Kg8 36. Nb7 Nd7 37. Nd6 Kf8 38. Nc4 Ke7 39. a4 f6 40. exf6+
gxf6 41. Kf2 f5 42. Kf3 Kd8 43. g4 hxg4+ 44. hxg4 fxg4+ 45. Kxg4 Nf6+ 46. Kg5
Nd5 47. f5 exf5 48. Kxf5 Kc7 49. Ke5 Nc3 50. Nb2 Ne2 51. Kd5 Nf4+ 52. Kc4 Ne6
53. Nd3 Nd8 54. Kb4 Nb7 55. Ne5 Na5 56. Nc4 Nxc4 57. Kxc4 Kd7 58. Kd5 Kc7 59.
Ke6 Kc8 60. Kd6 Kb7 61. Kd7 Kb8 62. Kc6 Ka7 63. Kc7 1-0

[Event "Madrid ch 2016/2017 - Previa A"]
[Site "Madrid ESP"]
[Date "2017.02.08"]
[Round "3.22"]
[White "Gonzalez Recas, Fernando"]
[Black "Martinez Carrasco, Jesus"]
[Result "1/2-1/2"]
[WhiteElo "1701"]
[BlackElo "1618"]
[PlyCount "55"]
[EventDate "2017.02.06"]
[EventType "swiss"]
[EventRounds "9"]
[EventCountry "ESP"]
[SourceTitle "Ajedrez en Madrid"]
[Source "lmi"]
[SourceDate "2017.02.06"]
[SourceVersion "1"]
[SourceVersionDate "2017.02.14"]
[SourceQuality "1"]

1. e4 c5 2. Nf3 d6 3. d4 cxd4 4. Nxd4 Nf6 5. Nc3 a6 6. Bg5 e6 7. f4 Be7 8. Bd3
Nc6 9. Nb3 Qc7 10. Qe2 b5 11. O-O-O Bd7 12. Rhe1 b4 13. Bxf6 Bxf6 14. Nb1 a5
15. Bb5 a4 16. Bxc6 Bxc6 17. Nd4 O-O 18. Qc4 Rfc8 19. Qxc6 Qxc6 20. Nxc6 Rxc6
21. Re2 b3 22. a3 Rac8 23. c3 Kf8 24. Rd3 Rd8 25. Nd2 g6 26. Nf3 Ke7 27. Red2
Ke8 28. e5 1/2-1/2

[Event "Madrid ch 2016/2017 - Previa A"]
[Site "Madrid ESP"]
[Date "2017.02.08"]
[Round "3.23"]
[White "Rodriguez Bachiller, Luis"]
[Black "Suarez Mencia, Roberto"]
[Result "1-0"]
[WhiteElo "1656"]
[BlackElo "1454"]
[PlyCount "41"]
[EventDate "2017.02.06"]
[EventType "swiss"]
[EventRounds "9"]
[EventCountry "ESP"]
[SourceTitle "Ajedrez en Madrid"]
[Source "lmi"]
[SourceDate "2017.02.06"]
[SourceVersion "1"]
[SourceVersionDate "2017.02.14"]
[SourceQuality "1"]

1. e4 c5 2. Nf3 Nc6 3. Bc4 e6 4. c3 d6 5. O-O Nf6 6. d3 Be7 7. Nbd2 d5 8. exd5
exd5 9. Bb3 O-O 10. h3 Bd6 11. Bc2 Bf5 12. Nb3 Qc8 13. d4 Bxh3 14. dxc5 Qg4 15.
Ne1 Qh4 16. cxd6 Ng4 17. Qf3 Bxg2 18. Qxg2 Rae8 19. Bf4 Nce5 20. Bxe5 Rxe5 21.
Nf3 1-0

[Event "Madrid ch 2016/2017 - Previa A"]
[Site "Madrid ESP"]
[Date "2017.02.08"]
[Round "3.24"]
[White "Montejano Siguero, Sonia"]
[Black "Gortazar Rubial, Javier Maria"]
[Result "0-1"]
[WhiteElo "1483"]
[BlackElo "1569"]
[PlyCount "135"]
[EventDate "2017.02.06"]
[EventType "swiss"]
[EventRounds "9"]
[EventCountry "ESP"]
[SourceTitle "Ajedrez en Madrid"]
[Source "lmi"]
[SourceDate "2017.02.06"]
[SourceVersion "1"]
[SourceVersionDate "2017.02.14"]
[SourceQuality "1"]

1. e4 e5 2. Nf3 Nc6 3. Nc3 Nf6 4. Bc4 Bc5 5. O-O O-O 6. Nxe5 Nxe5 7. d4 Nxc4 8.
dxc5 Re8 9. b3 Ne5 10. Bg5 h6 11. Bh4 Ng6 12. Bxf6 Qxf6 13. Nd5 Qd8 14. Re1 d6
15. cxd6 Qxd6 16. c4 c6 17. Nc3 Qxd1 18. Raxd1 Be6 19. Na4 Rad8 20. Nc5 Bc8 21.
g3 Ne5 22. Kg2 b6 23. Na4 c5 24. f4 Nd3 25. Rg1 Rd7 26. Nc3 Red8 27. Nd5 Nb4
28. Ne7+ Kf8 29. Rxd7 Bxd7 30. Nd5 Nxd5 31. exd5 Re8 32. Kf3 h5 33. Kg2 Re2+
34. Kh1 Bg4 35. Rf1 Rxa2 36. Re1 Re2 37. Rc1 Bf3+ 38. Kg1 Rg2+ 39. Kf1 Rxh2 40.
Rc3 Bg4 41. Re3 Rd2 42. Ke1 Rd1+ 43. Kf2 Rd4 44. Ke1 Bf5 45. Kf2 Re4 46. Rc3
Ke7 47. Kf3 Kd6 48. Kf2 f6 49. Kf3 Rd4 50. Ke3 Re4+ 51. Kf2 g5 52. Kf3 gxf4 53.
gxf4 h4 54. Rc1 h3 55. Kg3 Re3+ 56. Kh2 Rxb3 57. Ra1 a5 58. Re1 Kd7 59. Re2 Rc3
60. Re1 Rc2+ 61. Kg1 h2+ 62. Kh1 Rb2 63. d6 Rb1 64. Kxh2 Rxe1 65. Kg3 Re3+ 66.
Kf2 Rb3 67. Ke2 a4 68. Kd2 0-1

[Event "Madrid ch 2016/2017 - Previa A"]
[Site "Madrid ESP"]
[Date "2017.02.08"]
[Round "3.25"]
[White "Beekhof Harmsen, Willen"]
[Black "Sierra Garcia, Ricardo"]
[Result "1-0"]
[WhiteElo "1561"]
[BlackElo "1404"]
[PlyCount "125"]
[EventDate "2017.02.06"]
[EventType "swiss"]
[EventRounds "9"]
[EventCountry "ESP"]
[SourceTitle "Ajedrez en Madrid"]
[Source "lmi"]
[SourceDate "2017.02.06"]
[SourceVersion "1"]
[SourceVersionDate "2017.02.14"]
[SourceQuality "1"]

1. Nf3 Nf6 2. b3 g6 3. Bb2 Bg7 4. g3 O-O 5. Bg2 d6 6. d3 Nc6 7. O-O e5 8. Nbd2
Be6 9. c4 Qc8 10. Ng5 Bd7 11. a3 Ne7 12. f4 Bc6 13. fxe5 dxe5 14. Bxe5 Ng4 15.
Bxg7 Ne3 16. Rxf7 Rxf7 17. Qc1 Rxg7 18. Nde4 Bxe4 19. Nxe4 Nxg2 20. Kxg2 Rf7
21. Ng5 Rf5 22. Qe3 Rxg5 23. Qxg5 Qe6 24. e4 Rf8 25. Qe3 Qe5 26. Re1 Nc6 27. b4
Nd4 28. Rf1 Rxf1 29. Kxf1 Qf6+ 30. Kg2 Nc6 31. b5 Nd4 32. e5 Qb6 33. a4 c5 34.
bxc6 Qxc6+ 35. Kh3 Qe6+ 36. g4 Nc6 37. d4 h5 38. Qg5 hxg4+ 39. Kg3 Nxd4 40.
Qd8+ Kg7 41. Qxd4 b6 42. Qd5 Kf7 43. Qb7+ Qe7 44. e6+ Kxe6 45. Qd5+ Kf6 46.
Kxg4 Qe2+ 47. Qf3+ Qxf3+ 48. Kxf3 Kf5 49. h4 Ke5 50. Kg4 Kf6 51. Kf4 Ke6 52.
Ke4 a6 53. Kd4 Kf5 54. c5 bxc5+ 55. Kxc5 Ke5 56. a5 Ke6 57. Kc6 Ke7 58. Kb6 Kd6
59. Kxa6 Kc7 60. Kb5 Kb7 61. a6+ Ka7 62. Kc6 Kxa6 63. Kd6 1-0

[Event "Madrid ch 2016/2017 - Previa A"]
[Site "Madrid ESP"]
[Date "2017.02.08"]
[Round "3.26"]
[White "Castro Uceda, Jose Antonio"]
[Black "Garo Gomez, Juan Manuel"]
[Result "1-0"]
[WhiteElo "1532"]
[BlackElo "1290"]
[PlyCount "78"]
[EventDate "2017.02.06"]
[EventType "swiss"]
[EventRounds "9"]
[EventCountry "ESP"]
[SourceTitle "Ajedrez en Madrid"]
[Source "lmi"]
[SourceDate "2017.02.06"]
[SourceVersion "1"]
[SourceVersionDate "2017.02.14"]
[SourceQuality "1"]

1. e4 e5 2. Nf3 Nc6 3. Bb5 Nd4 4. Bc4 Bc5 5. Bxf7+ Kf8 6. Bxg8 Kxg8 7. Nxe5 Qg5
8. Ng4 d6 9. h3 Bxg4 10. hxg4 Qf4 11. d3 Nxc2+ 12. Qxc2 Qxg4 13. O-O Rf8 14.
Nc3 Rf3 15. Qe2 Rg3 16. Qxg4 Rxg4 17. Be3 a6 18. Bxc5 dxc5 19. Nd5 c6 20. Ne7+
Kf7 21. Nf5 Rd8 22. Rad1 Kf6 23. f3 Rg5 24. f4 Rg4 25. Rf3 g6 26. Ne3 Rh4 27.
e5+ Ke6 28. Nc4 b5 29. Nd6 Rd7 30. Rc1 Kd5 31. Ne4 Rf7 32. e6 Re7 33. Nxc5 Rh5
34. Nxa6 Kxe6 35. Re3+ Kd7 36. Rxe7+ Kxe7 37. Rxc6 Kd7 38. Rc2 Rd5 39. Kf2 Rxd3
1-0

[Event "Madrid ch 2016/2017 - Previa A"]
[Site "Madrid ESP"]
[Date "2017.02.08"]
[Round "3.27"]
[White "Bermudez Valles, Juan Alejandr"]
[Black "Suarez Arellano, Jorge"]
[Result "0-1"]
[WhiteElo "1359"]
[BlackElo "1518"]
[PlyCount "110"]
[EventDate "2017.02.06"]
[EventType "swiss"]
[EventRounds "9"]
[EventCountry "ESP"]
[SourceTitle "Ajedrez en Madrid"]
[Source "lmi"]
[SourceDate "2017.02.06"]
[SourceVersion "1"]
[SourceVersionDate "2017.02.14"]
[SourceQuality "1"]

1. e4 e6 2. Bc4 d5 3. exd5 exd5 4. Qe2+ Be7 5. Bb3 Nf6 6. d3 O-O 7. Bg5 Bb4+ 8.
c3 Re8 9. Be3 Ba5 10. d4 Bf5 11. Nd2 Nbd7 12. Ba4 Re7 13. Ngf3 c6 14. O-O Bc7
15. Qd1 Ng4 16. Bg5 f6 17. Bh4 Nb6 18. Bc2 Bxc2 19. Qxc2 Bf4 20. Rae1 Rxe1 21.
Rxe1 Qc7 22. h3 Nh2 23. g3 Nxf3+ 24. Nxf3 Bd6 25. g4 g5 26. Bg3 Bxg3 27. fxg3
Qxg3+ 28. Qg2 Qxg2+ 29. Kxg2 Kf7 30. b3 Re8 31. Rxe8 Kxe8 32. h4 h6 33. hxg5
hxg5 34. Nd2 Ke7 35. Kf3 Ke6 36. a4 a5 37. Ke3 Nd7 38. c4 b6 39. Kf3 f5 40.
cxd5+ cxd5 41. gxf5+ Kxf5 42. Kg3 Nf6 43. Nf3 Ke4 44. Nxg5+ Kxd4 45. Kf4 Nd7
46. Nf3+ Kc3 47. Ke3 Kxb3 48. Kd3 Nc5+ 49. Kd4 Nxa4 50. Kxd5 Nc3+ 51. Kd4 a4
52. Nd2+ Kc2 53. Nc4 b5 54. Kc5 bxc4 55. Kxc4 Kb2 0-1

[Event "Madrid ch 2016/2017 - Previa A"]
[Site "Madrid ESP"]
[Date "2017.02.13"]
[Round "4.1"]
[White "Fernandez Garcia, Ignacio"]
[Black "Lopez Heras, Arturo"]
[Result "1/2-1/2"]
[WhiteElo "1856"]
[BlackElo "1862"]
[PlyCount "23"]
[EventDate "2017.02.06"]
[EventType "swiss"]
[EventRounds "9"]
[EventCountry "ESP"]
[SourceTitle "Ajedrez en Madrid"]
[Source "lmi"]
[SourceDate "2017.02.06"]
[SourceVersion "1"]
[SourceVersionDate "2017.02.21"]
[SourceQuality "1"]

1. e4 e6 2. d4 c5 3. c3 Nc6 4. Nf3 Nf6 5. e5 Ng8 6. Nbd2 d6 7. exd6 Bxd6 8. Ne4
cxd4 9. Bb5 Nf6 10. Bxc6+ bxc6 11. Nxd6+ Qxd6 12. Qxd4 1/2-1/2

[Event "Madrid ch 2016/2017 - Previa A"]
[Site "Madrid ESP"]
[Date "2017.02.13"]
[Round "4.2"]
[White "Gil Sierra, Jacinto"]
[Black "Franco Rincon, David"]
[Result "1-0"]
[WhiteElo "1943"]
[BlackElo "1721"]
[PlyCount "87"]
[EventDate "2017.02.06"]
[EventType "swiss"]
[EventRounds "9"]
[EventCountry "ESP"]
[SourceTitle "Ajedrez en Madrid"]
[Source "lmi"]
[SourceDate "2017.02.06"]
[SourceVersion "1"]
[SourceVersionDate "2017.02.21"]
[SourceQuality "1"]

1. e4 e5 2. Nf3 Nc6 3. Bb5 a6 4. Bxc6 dxc6 5. O-O Bd6 6. d4 Bg4 7. dxe5 Bxf3 8.
Qxf3 Bxe5 9. Nd2 Qf6 10. Nc4 Qxf3 11. gxf3 Bd4 12. c3 Bc5 13. Rd1 Nf6 14. Bf4
Bb6 15. Nxb6 cxb6 16. Bc7 b5 17. Rd2 O-O 18. Rad1 Rac8 19. Be5 Ne8 20. Rd7 f6
21. Bf4 g5 22. Be3 Rc7 23. Bc5 Rf7 24. Rd8 Rfe7 25. Bxe7 Rxe7 26. Kg2 h5 27.
R1d7 Kf7 28. f4 Ke6 29. f5+ Kf7 30. f3 Kf8 31. Rxe7 Kxe7 32. Rb8 Nd6 33. b3 h4
34. Kh3 Kd7 35. Kg4 a5 36. Kh5 a4 37. h3 c5 38. Kg6 Ke7 39. Rh8 axb3 40. axb3
b4 41. cxb4 c4 42. Rh7+ Kd8 43. bxc4 Nxc4 44. Kxf6 1-0

[Event "Madrid ch 2016/2017 - Previa A"]
[Site "Madrid ESP"]
[Date "2017.02.13"]
[Round "4.3"]
[White "Tirado Parra, Alberto"]
[Black "Jimenez Gonzalez, Marcos"]
[Result "1/2-1/2"]
[WhiteElo "1903"]
[BlackElo "1798"]
[PlyCount "29"]
[EventDate "2017.02.06"]
[EventType "swiss"]
[EventRounds "9"]
[EventCountry "ESP"]
[SourceTitle "Ajedrez en Madrid"]
[Source "lmi"]
[SourceDate "2017.02.06"]
[SourceVersion "1"]
[SourceVersionDate "2017.02.21"]
[SourceQuality "1"]

1. f4 e6 2. e4 d5 3. d3 dxe4 4. dxe4 Qxd1+ 5. Kxd1 Nf6 6. Bd3 Nc6 7. Nf3 Bc5 8.
Ke2 O-O 9. Nc3 a6 10. h3 b5 11. g4 Bb7 12. Be3 Bxe3 13. Kxe3 Nb4 14. e5 Nd7 15.
a3 1/2-1/2

[Event "Madrid ch 2016/2017 - Previa A"]
[Site "Madrid ESP"]
[Date "2017.02.13"]
[Round "4.4"]
[White "Camarero Izquierdo, Juan Carlo"]
[Black "Rosa Ramirez, Victor D"]
[Result "0-1"]
[WhiteElo "1731"]
[BlackElo "1902"]
[PlyCount "76"]
[EventDate "2017.02.06"]
[EventType "swiss"]
[EventRounds "9"]
[EventCountry "ESP"]
[SourceTitle "Ajedrez en Madrid"]
[Source "lmi"]
[SourceDate "2017.02.06"]
[SourceVersion "1"]
[SourceVersionDate "2017.02.21"]
[SourceQuality "1"]

1. d4 d5 2. Nc3 e6 3. e4 Bb4 4. e5 c5 5. Qg4 Ne7 6. Qxg7 Rg8 7. Qxh7 cxd4 8.
Qh4 Nbc6 9. Bb5 Bd7 10. Bxc6 Nxc6 11. Qxd8+ Rxd8 12. a3 Ba5 13. b4 dxc3 14.
bxa5 Nxe5 15. g3 Bc6 16. Bf4 d4 17. Bxe5 Bxh1 18. O-O-O a6 19. h4 Bg2 20. h5
Ke7 21. h6 Be4 22. Bg7 f6 23. f3 Bh7 24. f4 Rd5 25. Nf3 Rgd8 26. Rd3 Rh5 27.
Rd1 Rxa5 28. Rxd4 Rxd4 29. Nxd4 Rh5 30. Kd1 Rd5 31. Ke2 Rxd4 32. Ke3 Ra4 33. g4
Rxa3 34. g5 Bxc2 35. Bxf6+ Kf7 36. Kd4 Bg6 37. Kc4 c2 38. Bb2 Ra1 0-1

[Event "Madrid ch 2016/2017 - Previa A"]
[Site "Madrid ESP"]
[Date "2017.02.13"]
[Round "4.5"]
[White "Lozano Sanchez, Jose Antonio"]
[Black "Vukotic Jovsic, Dragan"]
[Result "1-0"]
[WhiteElo "1843"]
[BlackElo "1968"]
[PlyCount "85"]
[EventDate "2017.02.06"]
[EventType "swiss"]
[EventRounds "9"]
[EventCountry "ESP"]
[SourceTitle "Ajedrez en Madrid"]
[Source "lmi"]
[SourceDate "2017.02.06"]
[SourceVersion "1"]
[SourceVersionDate "2017.02.21"]
[SourceQuality "1"]

1. e4 c5 2. Nf3 e6 3. Nc3 d5 4. Bb5+ Bd7 5. Bxd7+ Qxd7 6. exd5 exd5 7. d4 Nc6
8. Qe2+ Qe6 9. O-O Qxe2 10. Nxe2 O-O-O 11. dxc5 Bxc5 12. Bf4 Nf6 13. Bg5 Rhe8
14. Bxf6 gxf6 15. Ng3 Ne5 16. Ne1 Nc4 17. Nd3 Bd4 18. c3 Bb6 19. Rfe1 Ne5 20.
Nf4 d4 21. cxd4 Rxd4 22. Rac1+ Kb8 23. Nfh5 Red8 24. Rc2 Ng4 25. Nf1 Rd1 26.
Rxd1 Rxd1 27. h3 Nxf2 28. Rxf2 Rb1 29. Nxf6 Rxb2 30. Nd7+ Kc7 31. Nxb6 Rxf2 32.
Na8+ Kb8 33. Kxf2 Kxa8 34. Ke3 Kb8 35. Kd4 Kc7 36. Ne3 Kb6 37. g4 Kb5 38. g5
Kb4 39. Nc2+ Kb5 40. h4 a5 41. h5 a4 42. a3 b6 43. Kd5 1-0

[Event "Madrid ch 2016/2017 - Previa A"]
[Site "Madrid ESP"]
[Date "2017.02.13"]
[Round "4.6"]
[White "Hernanz Villaoslada, Javier"]
[Black "Pashov, Spas Nikolov"]
[Result "1-0"]
[WhiteElo "1719"]
[BlackElo "1853"]
[PlyCount "107"]
[EventDate "2017.02.06"]
[EventType "swiss"]
[EventRounds "9"]
[EventCountry "ESP"]
[SourceTitle "Ajedrez en Madrid"]
[Source "lmi"]
[SourceDate "2017.02.06"]
[SourceVersion "1"]
[SourceVersionDate "2017.02.21"]
[SourceQuality "1"]

1. d4 Nf6 2. c4 g6 3. Nc3 d5 4. cxd5 Nxd5 5. e4 Nxc3 6. bxc3 Bg7 7. Nf3 c5 8.
Be3 Nc6 9. Bc4 cxd4 10. Nxd4 O-O 11. O-O Ne5 12. Be2 Qc7 13. Qb3 b6 14. Rac1
Ng4 15. Bxg4 Bxg4 16. f3 Bd7 17. Rfd1 Rac8 18. c4 Bxd4 19. Rxd4 e5 20. Rd3 Be6
21. Rdc3 Rfd8 22. Qb4 Rb8 23. a3 Qc6 24. Qe7 Re8 25. Qxa7 Rb7 26. Qa6 Rc8 27.
a4 f6 28. c5 b5 29. axb5 Rxb5 30. Qxc6 Rxc6 31. Rd1 Rb8 32. Rd6 Rbc8 33. Rxc6
Rxc6 34. Rc2 Kf7 35. Rb2 Ke7 36. Rb7+ Bd7 37. Kf2 Ke6 38. g4 g5 39. h4 h6 40.
h5 Ke7 41. Rb8 Rc8 42. Rb7 Kd8 43. Ke2 Rc7 44. Rb6 Bc6 45. Kd3 Kd7 46. Kc4 Ra7
47. Rb3 Kc7 48. Bd2 Ra4+ 49. Bb4 Ra1 50. Ra3 Rxa3 51. Bxa3 Ba4 52. Kd3 Kc6 53.
Bb4 Bb5+ 54. Kd2 1-0

[Event "Madrid ch 2016/2017 - Previa A"]
[Site "Madrid ESP"]
[Date "2017.02.13"]
[Round "4.7"]
[White "De La Fuente Ebro, Miguel"]
[Black "Osorio Ramos, Francisco"]
[Result "1/2-1/2"]
[WhiteElo "1712"]
[BlackElo "1838"]
[PlyCount "51"]
[EventDate "2017.02.06"]
[EventType "swiss"]
[EventRounds "9"]
[EventCountry "ESP"]
[SourceTitle "Ajedrez en Madrid"]
[Source "lmi"]
[SourceDate "2017.02.06"]
[SourceVersion "1"]
[SourceVersionDate "2017.02.21"]
[SourceQuality "1"]

1. d4 Nf6 2. c4 e6 3. Nc3 Bb4 4. Qc2 c5 5. e3 O-O 6. Nf3 d5 7. cxd5 exd5 8. Be2
g6 9. O-O Bf5 10. Bd3 Bxd3 11. Qxd3 c4 12. Qc2 Nc6 13. a3 Bxc3 14. bxc3 Qa5 15.
a4 Ne4 16. Bb2 f5 17. Nd2 Rae8 18. Nxe4 fxe4 19. Rfb1 Qd8 20. Ba3 Rf7 21. Rf1
Re6 22. Qe2 Qg5 23. Rae1 Ref6 24. Kh1 Ne7 25. Bxe7 Rxe7 26. f4 1/2-1/2

[Event "Madrid ch 2016/2017 - Previa A"]
[Site "Madrid ESP"]
[Date "2017.02.13"]
[Round "4.8"]
[White "Serrano Garcia, Vicente"]
[Black "Boni De Aristizabal, Marco"]
[Result "1-0"]
[WhiteElo "1822"]
[BlackElo "1715"]
[PlyCount "107"]
[EventDate "2017.02.06"]
[EventType "swiss"]
[EventRounds "9"]
[EventCountry "ESP"]
[SourceTitle "Ajedrez en Madrid"]
[Source "lmi"]
[SourceDate "2017.02.06"]
[SourceVersion "1"]
[SourceVersionDate "2017.02.21"]
[SourceQuality "1"]

1. d4 c6 2. e4 d5 3. e5 Bf5 4. Ne2 e6 5. Ng3 Bg6 6. h4 h6 7. Bd3 Bxd3 8. Qxd3
Nd7 9. f4 f5 10. Be3 Be7 11. Qe2 g6 12. h5 g5 13. Nd2 g4 14. O-O-O a5 15. Qd3
Nf8 16. Nb3 b6 17. Kb1 a4 18. Nd2 Qd7 19. c4 a3 20. b3 Bb4 21. cxd5 cxd5 22.
Rc1 Ne7 23. Rc2 Rc8 24. Rxc8+ Nxc8 25. Rc1 Ke7 26. Qa6 Nh7 27. Qa8 Rd8 28. Qb8
Qb5 29. Qc7+ Rd7 30. Qc2 Na7 31. Ndf1 Qa5 32. Bd2 Bxd2 33. Nxd2 Nb5 34. Qd3 Rc7
35. Rxc7+ Nxc7 36. Qc2 Nb5 37. Ne2 Kd7 38. Ka1 Qb4 39. Qd3 Nf8 40. Nb1 Ke7 41.
Nbc3 Nxc3 42. Qxc3 Qxc3+ 43. Nxc3 Nd7 44. Nb5 Nb8 45. Nxa3 Nc6 46. Nb5 Nb4 47.
Nc3 Nc2+ 48. Kb2 Nxd4 49. b4 Kd7 50. b5 Kc7 51. Kc1 g3 52. Kd2 Nxb5 53. Nxb5+
Kc6 54. Nd4+ 1-0

[Event "Madrid ch 2016/2017 - Previa A"]
[Site "Madrid ESP"]
[Date "2017.02.13"]
[Round "4.9"]
[White "Olano Lanchas, Dionisio"]
[Black "Rueda Maria, Ramiro"]
[Result "0-1"]
[WhiteElo "1690"]
[BlackElo "1819"]
[PlyCount "24"]
[EventDate "2017.02.06"]
[EventType "swiss"]
[EventRounds "9"]
[EventCountry "ESP"]
[SourceTitle "Ajedrez en Madrid"]
[Source "lmi"]
[SourceDate "2017.02.06"]
[SourceVersion "1"]
[SourceVersionDate "2017.02.21"]
[SourceQuality "1"]

1. e4 e5 2. Bc4 Nf6 3. Nc3 Bc5 4. Nge2 Nc6 5. a3 a6 6. Ng3 d6 7. d3 Ng4 8. O-O
Qh4 9. h3 Nxf2 10. Bxf7+ Kd8 11. Qf3 Nxh3+ 12. Kh2 Ng5# 0-1